000 00833nac a22002411u 4500
003 EG-ScBUE
005 20221213125711.0
008 221213s2004 nyua f 000 0 eng d
020 _a9780060589103
020 _a0060589108
040 _aEG-ScBUE
_beng
_erda
_cEG-ScBUE
_dEG-ScBUE
082 0 4 _a728.091823
_bPAC
_222
245 0 0 _aPacific houses /
_c[editor] by Cynthia Reschke.
264 1 _aNew York :
_bHarper Design International,
_c2004.
300 _a175 pages :
_billustrations (chiefly color) ;
_c28 cm
500 _aArchitects, Enrique Muller ... [et al.].
650 7 _aArchitecture, Domestic
_zPacific Area
_vPictorial works.
_2BUEsh
650 7 _aArchitecture, Domestic
_vDesigns and plans
_zPacific Area.
_2BUEsh
653 _bENGARC
655 _vReading book
700 1 _aReschke, Cynthia,
_eeditor.
942 _cBB
_2ddc
999 _c3064
_d3064